000 00608nam a2200229Ia 4500
003 OSt
005 20220928120929.0
006 a|||||r|||| 00| 0
007 ta
008 220927b |||||||| |||| 00| 0 eng d
024 _a63742
037 _cTextual
040 _aSDCL
_cSDCL
_beng
041 _2eng
_aeng
082 _aD65,4, P2
100 _aStallings William
_9391523
245 0 _aWireless communications and networks.
260 _aDelhi
_bPearson Education
_c2002
300 _axii,584p
_ccm.
942 _hD65,4, P2
_cTEXL
_2CC
999 _c765451
_d765451